000 00650nam a22002297a 4500
003 UA-OsUOA
001 71517
007 ta
008 20101116b un ||||| |||| 00| 0 ukr d
090 _a821.161.2
942 _cBK
040 _aUA-OsUOA
_bukr
_cUA-OsUOA
_dUA-OsUOA
245 _aSitis
_bСучасні тексти про пристрасті
_cАпальков О. В.
300 _a312 с.
955 _a3
041 _aukr
080 _a821.161.2
020 _a978-966-2306-10-1
260 _aКанів
_bСклянка часу
_c2010
650 7 _a82 Література. Літературознавство
_2UDC
999 _c357803
_d357803